Studijní informace Základní a pomocné vědy

Bibliographic Details
Format: Serial
Language:Czech
PhysicalDescription:zv. cm
Published: Praha ÚVTEI [1962-1964]
Subjects:

MARC

LEADER 00000cas a2200000 a 4500
001 vtls001284276
003 SK-MaSNL
005 20260228163701.0
008 210928d19621964xr | 0 0 0cze c
035 |a SNK000235766 
040 |a SNK  |b slo  |c SNK  |e AACR2 
041 0 |a cze 
044 |a xr  |c CZ 
072 7 |a 63  |x Poľnohospodárstvo a príbuzné oblasti vedy a techniky  |2 konspekt 
072 7 |a 371  |x Školstvo (organizácia)  |2 konspekt 
080 |a 631  |2 2011 
080 |a (073)  |2 2011 
080 |a 050  |2 2011 
245 0 0 |a Studijní informace  |p Základní a pomocné vědy 
260 |a Praha  |b ÚVTEI  |c [1962-1964] 
300 |a zv.  |c cm 
362 0 |a [1962-1964] 
650 0 7 |a poľnohospodárstvo  |2 SNKPH  |9 679 
650 0 7 |a študijné programy  |2 SNKPH  |9 75147 
910 |a snk 
958 |a OND 
999 |c 10261  |d 12191 
952 |0 0  |1 1  |4 0  |7 0  |8 1  |a SNK  |b SNK  |d 1997-04-22  |i snkD 396/97  |l 0  |o snkČB 2836/D/1964  |p 17A0066935  |r 2005-01-02 00:00:00  |t č. 1-8  |w 2026-02-21  |y PREZ 
952 |0 0  |1 1  |4 0  |7 0  |8 1  |a SNK  |b SNK  |d 1997-04-22  |i snkD 740/97  |l 0  |o snkČB 2836/D/1962/1  |p 17A0066929  |r 2005-01-02 00:00:00  |w 2026-02-21  |y PREZ 
952 |0 0  |1 1  |4 0  |7 0  |8 1  |a SNK  |b SNK  |d 1997-11-05  |i snkD 1242/97  |l 0  |o snkČB 2836/D/1962/2  |p 17A0103400  |r 2005-01-02 00:00:00  |w 2026-02-21  |y PREZ